000 01993cam a2200289 4500500
005 20260111092737.0
041 _afre
042 _adc
100 1 0 _aCausse, Guilhem
_eauthor
245 0 0 _aLe pardon, un geste politique ?
260 _c2016.
500 _a65
520 _aSi jusqu’au milieu du siècle dernier, le pardon était considéré comme le privilège de la conscience religieuse individuelle, il s’invite désormais au plan politique. Trois exemples le montrent : l’Union européenne, les Commissions vérité et réconciliation (CVR) et la justice reconstructive. Ces formes de pardon institutionnel ont pour effet de réajuster les grandes sphères de relations réfléchies par Paul Ricœur (avoir, pouvoir, valoir) et de retrouver des éléments fondamentaux oubliés de nos traditions du pardon.
520 _aForgiveness, a Political Gesture ?If, up to the middle of the 20th century, forgiveness was considered to be the privilege of the individual religious conscience, today it has spread to the political field. Three examples show this: the European Union, Truth and Reconciliation Commissions and restorative justice. These forms of institutional forgiveness result in readjusting the great realms of relationships thought out by Paul Ricœur (to have, to be able, to be worth) and in finding again the fundamental elements forgotten in our traditions of forgiveness.
690 _aCommission vérité et réconciliation
690 _ajustice reconstructive
690 _apardon politique
690 _aPaul Ricœur
690 _aUnion européenne
690 _aEuropean Union
690 _aPaul Ricœur
690 _apolitical forgiveness
690 _arestorative justice
690 _aTruth and Reconciliation Commission
786 0 _nNouvelle revue théologique | 138 | 2 | 2016-03-04 | p. 257-272 | 0029-4845
856 4 1 _uhttps://shs.cairn.info/revue-nouvelle-revue-theologique-2016-2-page-257?lang=fr&redirect-ssocas=7080
999 _c1624313
_d1624313